[Event "African Online-ch Open 2021"]
[Site "Online"]
[Date "2021.02.01"]
[Round "3.4"]
[White "Bellahcene, Bilel"]
[Black "Beukes, Dante M"]
[Result "1/2-1/2"]
[WhiteElo "2510"]
[BlackElo "2206"]
[Annotator "TA"]
[PlyCount "84"]
[EventDate "2021.02.01"]
[EventType "swiss"]
[EventCountry "NET"]
[SourceTitle "playchess.com"]
[Source "ChessBase"]
[SourceQuality "1"]

{[%evp 12,84,15,17,36,31,35,31,52,22,52,26,29,35,18,-14,0,-2,33,12,34,9,48,0,8,0,74,62,45,50,50,58,105,-222,-220,-305,-343,-335,-278,-275,-211,-211,-211,-211,-211,-211,-211,-211,-192,-192,-91,-92,-23,-75,0,0,0,0,0,0,0,0,0,0,0,0,0,0,0,0,0,0,0,0,0]} 1. e4 c5 2. Nf3 d6 3. d4 cxd4 4. Nxd4 Nf6 5. Nc3 a6 6. h3 e6 7. g4 Nfd7 {B81: Sicilian Scheveningen: Keres Attack.} 8. g5 b5 9. a3 Bb7 {White is slightly better.} 10. Be3 Nc6 11. h4 Be7 12. Nxc6 Bxc6 13. Qd2 O-O 14. h5 {[#]} Nc5 $146 ({Predecessor:} 14... Ne5 15. O-O-O Nf3 16. Qd3 Ne5 {½-½ (16) Noble,M (2565)-Roubaud,D (2572) ICCF email 2011}) 15. h6 g6 16. f3 ({Stronger than} 16. Qd4 e5 $17) 16... Rb8 17. Bh3 e5 18. Nd5 Ne6 (18... Bxd5 $11 {keeps the balance.} 19. exd5 Qc7) 19. Nxe7+ Qxe7 20. O-O-O Rfd8 21. Rhe1 d5 22. Qc3 {[%mdl 8192] [#]} (22. exd5 $16 {stays on course.} Rxd5 23. Qc3) 22... d4 $19 23. Qxc6 {[#] Bxe6 is the strong threat.} (23. Qb4 Qxb4) 23... Rd6 {[%cal Rd6c6]} 24. Qxd6 Qxd6 25. Bd2 Qc7 26. Bxe6 fxe6 27. Kb1 a5 {Threatens to win with ...b4.} 28. Bc1 b4 29. Rd3 Qe7 {Strongly threatening ...bxa3.} 30. a4 b3 (30... Rf8 $19 {has better winning chances.} 31. Rf1 Qc7) 31. cxb3 $17 Rb6 (31... Kf7 $17) 32. Red1 {[#]} (32. Ka2 $11) 32... Qb7 (32... Rb7 $1 $17) 33. Ka2 $11 {And now Bf4! would win.The position is equal.} Qc6 34. Bd2 {White wants to play Rc1.} Qc2 35. Bxa5 Rxb3 36. Rxb3 {Intending Rb8+ and mate.} Qxd1 {[%mdl 4096] Endgame KQ-KRB} 37. Rb8+ Kf7 38. Bb4 {[%csl Gb4][%cal Rb8f8]} Qxa4+ 39. Kb1 {[%csl Gb4][%cal Rb8f8]} Qd1+ {[%mdl 64] Double Attack} 40. Ka2 {[%csl Gb4][%cal Rb8f8]} Qa4+ 41. Kb1 {[%csl Gb4][%cal Rb8f8]} Qd1+ {[%mdl 64] Double Attack} 42. Ka2 {[%csl Gb4][%cal Rb8f8]} Qa4+ {Whites escaped into a draw.  Weighted Error Value: White=0.25/Black=0.25} 1/2-1/2

[Event "African Online-ch Open 2021"]
[Site "Online"]
[Date "2021.02.01"]
[Round "3.5"]
[White "Gohil, Mehul"]
[Black "Rakotomaharo, Fy Antenaina"]
[Result "0-1"]
[WhiteElo "1991"]
[BlackElo "2422"]
[Annotator "TA"]
[PlyCount "96"]
[EventDate "2021.02.01"]
[EventType "swiss"]
[EventCountry "NET"]
[SourceTitle "playchess.com"]
[Source "ChessBase"]
[SourceQuality "1"]

{[%evp 9,96,0,-6,0,-10,-33,-8,-33,-31,-34,-34,-102,-96,-104,-99,-152,-93,-797,-363,-352,-208,-208,-209,-196,-185,-196,-145,-152,-147,-366,-360,-348,-303,-302,-272,-272,-275,-270,-241,-289,-222,-263,-257,-287,-304,-364,-358,-365,-339,-362,-357,-355,-270,-264,-271,-269,-222,-223,-232,-298,-304,-338,-316,-325,-333,-332,-323,-430,-447,-445,-439,-478,-464,-565,-617,-992,-947,-850,-790,-1154,-1138,-1358,-955,-4133,-2432,-29982,-29983,-29982,-29983]} 1. d4 Nf6 2. Bg5 d5 3. Bxf6 gxf6 4. c4 dxc4 5. e3 c5 6. Bxc4 {D00: 1 d4 d5: Unusual lines.} cxd4 $1 7. Nc3 Bg7 8. Qh5 {The position is equal.} O-O 9. O-O-O Nc6 {[#]} 10. Nf3 $146 {[#]} ({Predecessor:} 10. exd4 Qa5 11. Qxa5 Nxa5 12. Bd3 Rd8 13. Nge2 a6 14. Rhe1 b5 15. Kb1 Bb7 16. a3 {½-½ (63) De Vreesse,S (2229)-Lenic,L (2641) chess.com INT 2017}) 10... Qa5 $1 $17 {[%cal Ra5h5]} 11. Nd5 Kh8 $36 {[%mdl 2048] Strongly threatening ...Qc5. Black is on the roll.} 12. exd4 (12. Nxd4 $2 Qc5 $19) (12. Kb1 $142) 12... Nb4 (12... Be6 $142 13. a3 (13. Bd3 $2 f5 $19) 13... h6) 13. Nxf6 $2 {[%mdl 8192]} Qxh5 (13... Bf5 $142 14. b3 Qa3+ 15. Kd2 Bg6) 14. Nxh5 $19 Bg4 (14... Bh6+ $142 15. Nd2 (15. Kb1 $2 Bf5+ 16. Ka1 Nc2+ 17. Kb1 Na3+ {[%mdl 64] Double Attack, Discovered Attack (Double check)} 18. Ka1 Nxc4 $19) 15... Bg4 {[%mdl 64] Double Attack}) 15. Nxg7 Rac8 16. a3 Rxc4+ 17. Kb1 Nd5 (17... Kxg7 18. axb4 Rxb4 19. Rd2 $17) ({Black should play} 17... Nc6 $19 {Threatens to win with ...Bxf3.} 18. d5 Nd8) 18. Ne5 $17 Bxd1 19. Nxc4 $2 {White does not recover from this.} (19. Rxd1 $17 Rc7 20. Nf5) 19... Be2 $19 20. Na5 Kxg7 21. Nxb7 Bd3+ 22. Ka1 Rc8 23. Nc5 Bg6 24. b4 Nc7 25. Rc1 {Threatening Na6!} Rd8 26. Nb7 Rd7 27. Na5 Ne6 28. Nc6 Be4 29. b5 Nxd4 {White must now prevent ...Nb3+.} 30. Rc4 Nb3+ ({And not} 30... Bxg2 31. Nxd4 Bf1 32. Rb4 $11) 31. Kb2 Nd2 ({Weaker is} 31... Bxg2 32. Rg4+ Kf6 33. Kxb3 $14) 32. Ra4 Bxc6 33. bxc6 {[%mdl 4096] Endgame KRN-KR} Rc7 34. Rd4 Nf1 ({Stronger than} 34... Rxc6 35. Rxd2 Kf6 36. Kb3 $11) 35. h3 Rxc6 36. Rd1 Nh2 37. Rh1 {[#]} Rf6 $1 38. Rxh2 (38. f3 Nxf3) 38... Rxf2+ {KR-KR} 39. Kc3 h5 40. a4 h4 41. Kb4 f5 42. Kb5 f4 43. Rh1 Rxg2 44. Ka6 Ra2 45. a5 e5 46. Rb1 f3 47. Rb5 f2 48. Rb1 e4 {Weighted Error Value: White=0.89/Black=0.23} 0-1

[Event "African Online-ch Open 2021"]
[Site "Online"]
[Date "2021.02.01"]
[Round "3.6"]
[White "Seddaoui, Yamine"]
[Black "Amdouni, Zoubaier"]
[Result "1-0"]
[WhiteElo "2127"]
[BlackElo "2229"]
[Annotator "TA"]
[PlyCount "107"]
[EventDate "2021.02.01"]
[EventType "swiss"]
[EventCountry "NET"]
[SourceTitle "playchess.com"]
[Source "ChessBase"]
[SourceQuality "1"]

{[%evp 9,107,18,6,21,17,11,17,23,53,0,0,-4,11,0,58,37,84,43,55,37,44,47,105,103,142,120,138,103,129,123,208,184,228,232,241,248,283,288,277,226,226,230,272,254,247,228,229,168,162,126,252,141,145,95,325,296,1008,590,567,545,878,929,954,589,575,581,555,562,2311,2477,2424,2148,2032,1641,12792,10286,12792,12796,5593,5073,29969,29969,29975,29967,29976,29977,29979,29980,29980,29975,29983,29984,29988,29985,29988,29989,29991,29992,29992,29992]} 1. e4 c5 2. Nc3 e6 3. Nf3 Nc6 4. Bb5 Nge7 5. d4 cxd4 6. Nxd4 {B30: Sicilian: 2...Nc6 3 Bb5, lines without ...g6.} a6 {[#] White must now prevent ...Nxd4.} 7. Nxc6 bxc6 8. Ba4 {[#] The position is equal.} a5 $146 ({Predecessor:} 8... Ng6 9. O-O Bc5 {½-½ (9) Farkas,G (2250)-Boronyak,A (2302) Hungary 2006}) 9. O-O ({White should try} 9. Be3 $14) 9... Ba6 $11 10. Re1 Ng6 11. Qh5 e5 (11... Bb4 $11) 12. Be3 Be7 13. Rad1 {Threatens to win with Bxc6!} Qc7 14. Qg4 Bc4 15. Bb3 Be6 (15... Bxb3 $14 16. axb3 d6) 16. Bxe6 $16 fxe6 17. Rd3 Kf7 18. Red1 Rhd8 19. Na4 {Strongly threatening Bb6.} c5 (19... Rab8 $16 20. g3 d5) 20. c4 $18 Rab8 21. b3 d6 22. Nc3 Qc8 23. Nb5 Rb6 24. a4 Kg8 25. g3 Nf8 26. Bg5 Qb7 27. h4 Bxg5 28. hxg5 Qe7 29. Kg2 Kf7 (29... Rc6 $16 30. Qe2 Qxg5) 30. f4 (30. Qe2 $18) 30... exf4 $16 31. gxf4 e5 $2 {A mistake that costs the game.} (31... Ng6 $16 {might work better.}) 32. f5 h6 $2 (32... Kg8 33. Kf2 Rd7) 33. Qh5+ Kg8 34. gxh6 gxh6 35. Qxh6 {Intending Rg3+ and mate.} Nh7 36. Rxd6 Rbxd6 37. Rxd6 Rxd6 38. Nxd6 ({Less strong is} 38. Qxd6 Qg5+ 39. Kf1 Qf4+ 40. Ke2 Qxe4+ 41. Kd2 Qf4+ 42. Kc2 Qxf5+ 43. Qd3 e4 $16) 38... Qd7 39. Qe6+ Qxe6 40. fxe6 $18 {[%mdl 4096] Endgame KN-KN} Kf8 41. Nb7 Ng5 42. Nxc5 Ke7 43. Kf2 Kd6 {[#]} 44. Ke3 $1 Nh7 (44... Ke7 45. Nb7) 45. Nb7+ {White mates.} Kxe6 46. Nxa5 Kd6 47. b4 {[%cal Bb3b4,Bb4b5][%mdl 32]} Ng5 48. c5+ Kc7 49. Nc4 Nf7 50. b5 Kb7 51. a5 Kc7 52. c6 Nd6 53. Nxd6 Kxd6 54. Kd3 {Weighted Error Value: White=0.44/Black=0.49} 1-0

[Event "African Online-ch Open 2021"]
[Site "Online"]
[Date "2021.02.01"]
[Round "3.7"]
[White "Wanyama, Harold"]
[Black "Cambando, Jose"]
[Result "1-0"]
[WhiteElo "2312"]
[BlackElo "2128"]
[Annotator "TA"]
[PlyCount "117"]
[EventDate "2021.02.01"]
[EventType "swiss"]
[EventCountry "NET"]
[SourceTitle "playchess.com"]
[Source "ChessBase"]
[SourceQuality "1"]

{[%evp 9,117,34,49,39,53,41,62,41,48,0,35,37,35,24,25,18,28,28,50,37,100,6,6,0,0,0,17,0,0,0,24,0,0,25,27,32,160,157,143,135,139,143,150,137,189,185,187,187,212,203,201,188,190,164,169,139,139,120,150,30,133,66,199,217,210,163,165,160,163,116,319,124,120,112,77,72,76,55,61,72,118,102,170,156,285,274,1475,1423,1675,1641,1639,1528,1884,1535,1937,1904,1828,1755,1739,1668,2042,1871,3025,2309,29955,12839,29980,29979,29985,29986]} 1. d4 Nf6 2. c4 d6 3. Nc3 c6 4. e4 e5 5. Nge2 Be7 6. f3 {A53: Old Indian Defence without Nf3.} a5 7. Be3 Nbd7 8. Qd2 {White is slightly better.} O-O {[#]} 9. h4 $146 ({Predecessor:} 9. Ng3 g6 10. Be2 h5 11. O-O h4 12. Nh1 Nh5 13. g3 Ndf6 14. Rad1 Re8 15. Kg2 Nh7 16. f4 exf4 17. gxf4 {1-0 (26) Pablo Marin,A (2390)-Fernandez Menendez,E Spain 1994}) 9... h5 (9... d5 $5) 10. O-O-O a4 11. a3 Qa5 12. Ng3 g6 13. Kb1 exd4 14. Bxd4 Nc5 (14... Re8 $14) 15. Qg5 (15. Qh6 $16 {Threatens to win with Nxh5.} Nb3 16. Nd5 $1 {[%mdl 512]} cxd5 17. Bc3 Qxc3 18. bxc3 dxe4 19. Be2 (19. Nxe4 Nxe4 20. fxe4 Nc5 $16)) 15... Ne6 $11 16. Qxa5 Rxa5 17. Be3 Ne8 18. Bb6 Ra8 19. Bd3 Bf6 {Black wants to play ...Bxc3.} 20. Nge2 c5 $1 21. Nd5 Ra6 22. Bc2 $36 {[%mdl 2048] White is pushing.} Bd7 (22... Kg7 $14) 23. Nxf6+ $16 {[%mdl 64] Overworked Piece} Nxf6 24. Rxd6 Bc6 {[#]} 25. Bxc5 {[%mdl 512]} Nxc5 (25... Nxe4 26. Rxc6) 26. Rxf6 Ne6 (26... Rd8 $16) 27. e5 Ra5 28. f4 Bxg2 29. Rg1 Bf3 30. Nc3 Nd4 31. Bd3 Bg4 32. Nd5 Nf3 33. Rh1 Kg7 34. Rb6 (34. Rd6 $1 $16) 34... Be6 (34... Rc5 $11 {keeps the balance.}) 35. Rxb7 ({White should play} 35. Nc7 $16 Bg4 36. Kc2 (36. Rxb7 Rc8 $14)) 35... Bxd5 (35... Rd8 $14) 36. cxd5 $18 Rxd5 37. Be2 Nd2+ 38. Ka2 Nb3 39. e6 Rc5 $2 (39... Nc5 $16 {is a better defense.} 40. Rxf7+ Rxf7 41. exf7 Rd2) 40. Bb5 $2 (40. e7 $18 {and the rest is easy.} Re8 41. Bb5 Rxb5 42. Rxb5) 40... Na5 $16 41. Rb6 {Strongly threatening e7.} fxe6 42. Bxa4 {b4 is the strong threat.} Rxf4 43. Rb4 (43. Be8 {looks sharper.} Rg4 44. Rxe6 Rc2 45. Bb5 Nc4 46. Bxc4 Rcxc4 47. b4) 43... Rcc4 44. Rxc4 Rxc4 $14 {[%mdl 4096] Endgame [#] KRB-KRN. White now steadily converts the win.} 45. Bb5 {[%cal Rb5c4]} Rc2 {[#]} (45... Rg4 $16) 46. a4 $1 $18 Rf2 (46... Kf6 $16 {might work better.} 47. Ka3 Nb7) 47. Ka3 Kf6 $2 (47... e5 48. Rd1 e4) 48. Rf1 Rf5 49. b4 Nb7 50. Bd3 Rxf1 51. Bxf1 {KB-KN} Ke5 52. a5 {[%cal Ba4a5,Ba5a6][%mdl 32]} Nd6 53. a6 Nc8 54. Ka4 Kd6 55. Ka5 Kc7 56. Bd3 Kb8 57. Bxg6 e5 58. Bxh5 e4 59. Be2 {Weighted Error Value: White=0.22/Black=0.60} 1-0

[Event "African Online-ch Open 2021"]
[Site "Online"]
[Date "2021.02.01"]
[Round "3.8"]
[White "Hemam, Moulaye Brahim"]
[Black "Bouzidi, Ahmed"]
[Result "0-1"]
[WhiteElo "2046"]
[BlackElo "2163"]
[Annotator "TA"]
[PlyCount "52"]
[EventDate "2021.02.01"]
[EventType "swiss"]
[EventCountry "NET"]
[SourceTitle "playchess.com"]
[Source "ChessBase"]
[SourceQuality "1"]

{[%evp 12,52,36,16,39,35,54,40,65,64,81,83,141,132,132,129,135,135,173,118,143,120,135,127,125,79,93,54,127,39,307,310,298,252,325,205,208,184,181,83,125,115,122]} 1. e4 e5 2. Nf3 Nc6 3. Bc4 Bc5 4. d3 Nf6 5. c3 d6 6. O-O a6 7. Bb3 Bg4 {C54: Giuoco Piano: 4 c3 Nf6, main lines with 5 d4 and 5 d3.} 8. Nbd2 Qd7 9. Re1 h5 {White is slightly better.} 10. Nf1 O-O-O {[#]} 11. h3 $146 ({Predecessor:} 11. Be3 Bxe3 12. Nxe3 Be6 13. Ba4 Rh6 14. d4 exd4 15. cxd4 d5 16. Ne5 Qd6 17. Nf5 Bxf5 18. Nxf7 {1-0 (31) Blazeka,M (1772)-Smetisko,M (1687) Busevec 2014}) 11... Be6 (11... Bxf3 $142 12. Qxf3 Rdf8) 12. Bxe6 $16 fxe6 13. b4 $1 {[%cal Rb4c5]} Bb6 {[#]} 14. a4 $1 Ne7 15. Qb3 (15. N1d2 $18) 15... Ng6 16. c4 a5 {[#]} 17. bxa5 $1 Bxa5 18. Rb1 {[%csl Gb1][%cal Rb3b7]} Qc6 19. Re2 Bb6 ({Black should play} 19... Nd7 $14) 20. Bd2 (20. a5 $16 Bd4 21. Be3 Bxe3 22. Nxe3) 20... Nf4 $2 {[%mdl 8192]} (20... Nd7 $14) 21. Bxf4 $18 exf4 22. a5 Ba7 23. Reb2 e5 24. Qc2 ({Not} 24. Qxb7+ Qxb7 25. Rxb7 Bb6 $11) 24... Nd7 25. Ng5 (25. Rxb7 $18 Bb6 26. R7xb6 (26. a6 Nc5 $11 {[%mdl 64] Double Attack}) 26... cxb6 27. axb6) 25... Nc5 $16 26. Nf7 {[%mdl 64] Double Attack} g5 {[%mdl 32768] Weighted Error Value: White=0.25/Black=0.47. Loss on time!?} 0-1

[Event "African Online-ch Open 2021"]
[Site "Online"]
[Date "2021.02.01"]
[Round "3.9"]
[White "Kamara, Ansumana"]
[Black "Oatlhotse, Providence"]
[Result "0-1"]
[WhiteElo "1899"]
[BlackElo "2190"]
[Annotator "TA"]
[PlyCount "64"]
[EventDate "2021.02.01"]
[EventType "swiss"]
[EventCountry "NET"]
[SourceTitle "playchess.com"]
[Source "ChessBase"]
[SourceQuality "1"]

{[%evp 20,64,65,43,36,52,127,18,108,71,118,58,66,-179,-168,-419,-439,-436,-401,-549,-544,-640,-644,-844,-834,-814,-800,-807,-474,-465,-459,-544,-543,-536,-519,-555,-553,-691,-677,-667,-661,-674,-675,-29979,-29979,-29979,-29975]} 1. e4 c5 2. Nf3 e6 3. d4 cxd4 4. Nxd4 Nf6 5. Nc3 d6 6. Be3 a6 7. f3 Be7 8. Qd2 O-O 9. O-O-O b5 10. g4 Bb7 11. h4 b4 {B80: Sicilian Scheveningen: 6 g3 and 6 Be3, including English Attack.} 12. Nce2 Nfd7 ({Black should try} 12... d5 $14) 13. g5 (13. Qxb4 $16 Qc7 14. Qc3) 13... Ne5 {[#]} (13... d5 $11) 14. Ng3 $146 ({Predecessor:} 14. Qxb4 Qc7 15. Qc3 Rc8 16. Qxc7 Rxc7 17. Nc3 Nbd7 18. Rh3 Nc4 19. Bxc4 Rxc4 20. h5 {½-½ (45) Hallengren,B (2245)-Rooms,T (2268) IECG email 2002}) 14... Qc7 {[#]} 15. h5 ({Much weaker is} 15. Qxb4 $6 d5 $11) (15. f4 $1 $16) 15... Nbc6 $14 16. g6 $2 {White does not recover from this.} (16. Nxc6 $14 {stays ahead.} Qxc6 17. h6) 16... Nxd4 $19 ({Not} 16... hxg6 $2 17. hxg6 Nxg6 18. Ndf5 $18) 17. gxf7+ $2 (17. gxh7+ {was necessary.} Kxh7 18. h6) 17... Rxf7 {Strongly threatening ...b3!} 18. Bxd4 Nxf3 19. Qxb4 d5 (19... Rc8 $2 20. Qb3 $19) 20. Qc3 Qxg3 21. Rg1 Qf4+ {[%mdl 64] [#] Double Attack} 22. Be3 Qxe4 {And now ...d4! would win.} 23. Bg2 Qxe3+ 24. Qxe3 Bg5 25. Rge1 Bxe3+ 26. Rxe3 Ng5 27. Re5 h6 28. c4 Rc8 29. b3 dxc4 30. Bxb7 Rxb7 31. bxc4 Rxc4+ 32. Kd2 Nf3+ {[%mdl 64] Double Attack.  Weighted Error Value: White=1.22/Black=0.36} 0-1

[Event "African Online-ch Open 2021"]
[Site "Online"]
[Date "2021.02.01"]
[Round "3.10"]
[White "Miguel, Sergio"]
[Black "Joelson, Ricardo"]
[Result "1-0"]
[WhiteElo "2377"]
[BlackElo "2017"]
[Annotator "TA"]
[PlyCount "79"]
[EventDate "2021.02.01"]
[EventType "swiss"]
[EventCountry "NET"]
[SourceTitle "playchess.com"]
[Source "ChessBase"]
[SourceQuality "1"]

{[%evp 23,79,37,50,51,44,43,202,183,201,175,189,175,197,194,180,169,254,253,227,244,239,238,293,276,260,260,353,357,532,440,521,465,465,465,460,460,458,458,458,448,462,457,752,623,685,502,425,324,6494,6617,29974,29973,29975,29976,29976,29977,29976,29974]} 1. d4 Nf6 2. c4 g6 3. Nc3 Bg7 4. e4 d6 5. Nf3 O-O 6. Be2 e5 7. O-O Nc6 8. d5 Ne7 9. b4 a5 10. Ba3 axb4 11. Bxb4 Nd7 12. a4 f5 13. Ng5 {Hoping for Ne6. E97: King's Indian: Classical Main Line (6...e5 7 0-0 Nc6): 8 Be3 and 8 d5 Ne7, not 9 Ne1.} Nf6 14. c5 h6 $2 ({Black should try} 14... fxe4 $14 15. cxd6 (15. Ngxe4 Nxe4 16. Nxe4 Nf5 $11) (15. Ncxe4 Nxe4 16. Nxe4 Nf5 $11) 15... cxd6) 15. cxd6 $18 {White is clearly better.} cxd6 16. Ne6 Bxe6 17. dxe6 {[#]} Nxe4 $146 ({Predecessor:} 17... Ne8 18. Nb5 Ra6 19. Bf3 f4 20. Ra2 Kh7 21. Rd2 Nc8 22. Qb3 Bf6 23. Rfd1 Be7 {1-0 (50) Cherednichenko,D (2275)-Ozer,O (2341) Sochi 2016}) 18. Nxe4 fxe4 19. Qxd6 Nf5 (19... Bf6 $142 20. Rfb1 Qc8) 20. Qxd8 Rfxd8 21. e7 Rd4 {[#]} 22. Bb5 $1 Rxb4 (22... Kf7 23. e8=Q+) 23. e8=R+ Rxe8 24. Bxe8 g5 25. Rfb1 Rxb1+ 26. Rxb1 {[%mdl 4096] Endgame KRB-KBN} Nd6 {[#]} 27. a5 $1 Nxe8 28. Rxb7 {Strongly threatening a6.} Bf8 29. a6 {Threatening mate with a7.} Bc5 30. a7 Bxa7 31. Rxa7 {KR-KN} Nd6 32. Kf1 Nf7 (32... e3 $142 33. Ra6 Nf5) 33. Ke2 Kg7 34. Ke3 Kf6 35. Ra6+ Kg7 $2 (35... Kf5 36. h3 h5 37. g4+ hxg4) 36. Kxe4 Nh8 37. g3 {White mates.} Ng6 38. Kf5 Ne7+ 39. Kxe5 Ng6+ 40. Kf5 {White took control after the opening.  Weighted Error Value: White=0.17/Black=0.61} 1-0

[Event "African Online-ch Open 2021"]
[Site "Online"]
[Date "2021.02.01"]
[Round "3.11"]
[White "Bongo Akanga Ndjila, Barthelemy"]
[Black "Oliveira, Luciano"]
[Result "1/2-1/2"]
[WhiteElo "1803"]
[BlackElo "2115"]
[Annotator "TA"]
[PlyCount "124"]
[EventDate "2021.02.01"]
[EventType "swiss"]
[EventCountry "NET"]
[SourceTitle "playchess.com"]
[Source "ChessBase"]
[SourceQuality "1"]

{[%evp 16,124,15,9,56,10,23,25,26,-104,-102,-156,-133,-197,-185,-195,-104,-115,-108,-107,-110,-131,-134,-129,-106,-137,-109,-138,-139,-141,-135,-146,-137,-143,-133,-161,-183,-163,-127,-147,-147,-156,-158,-158,-154,-206,-156,-242,-242,-261,-206,-220,-164,-280,-281,-322,-314,-339,-301,-330,-337,-330,-324,-313,-257,-318,-311,-404,-325,-459,-448,-577,-577,-752,-395,-360,-322,-2101,-1858,-29972,-29974,-5928,0,0,0,0,0,0,0,0,0,0,0,0,0,0,0,0,0,0,0,0,0,0,0,0,0,0,0,0,0]} 1. d4 d5 2. Nf3 Nf6 3. Bg5 e6 4. e3 c5 5. Nbd2 Nc6 6. c3 h6 7. Bh4 Bd6 8. Bd3 O-O 9. O-O e5 {D03: 1 d4 d5 2 Nf3 Nf6 3 Bg5, including Torre Attack with early ...d5.} 10. dxe5 Nxe5 11. Nxe5 Bxe5 {White has an edge.} 12. Qc2 {[#]} (12. e4 $11 {keeps the balance.}) 12... Bxh2+ $1 $17 {[%mdl 512] [#]} 13. Kh1 $146 ({Better is} 13. Kxh2 Ng4+ {[%mdl 64] Discovered Attack} 14. Kg1 Qxh4 15. Nf3) ({Predecessor:} 13. Kxh2 Ng4+ 14. Kg3 g5 15. Bf5 gxh4+ 16. Kh3 Qg5 17. Bxg4 Bxg4+ 18. Kh2 Kh8 19. Nf3 {0-1 (27) Rancic,D (1919)-Besedes,D (2306) Novi Sad 2016}) 13... Bc7 14. Bh7+ (14. c4 $17) 14... Kh8 $19 15. Bf5 Qd6 (15... g5 $19 16. Bg3 Bxg3 17. Bxc8 Qxc8 18. fxg3 Nh5) 16. Bg3 Qe7 {White must now prevent ...Bxg3.} 17. Bxc7 Qxc7 18. Nf3 Bxf5 19. Qxf5 Qc8 20. Qf4 Rd8 21. Ne5 Kg8 22. Rad1 Qe6 23. Nf3 Rac8 24. Qa4 a6 25. Qa5 Ne4 26. Kg1 Qf6 27. Nd2 Ng5 28. f4 Ne4 29. Nxe4 dxe4 30. Qa4 {[#]} (30. Rxd8+ $17 Qxd8 31. Qxd8+ Rxd8 32. f5) 30... Qf5 $1 31. Qa5 (31. Qb3 $17 {was worth a try.}) 31... Rd3 32. Qb6 Qd5 ({Don't do} 32... Rxe3 33. Qxb7 Rd3 34. Rde1 $19) 33. Rde1 Qc6 34. Qa5 (34. Qxc6 {was called for.} Rxc6 35. f5) 34... Rcd8 35. Rf2 f5 36. Qa3 Kh7 37. Qb3 c4 38. Qc2 b5 39. Qe2 a5 40. Qh5 Qg6 41. Qh4 R8d7 42. Kh2 (42. Qh3 $142) 42... b4 43. cxb4 axb4 44. Rc2 c3 45. bxc3 bxc3 46. Ree2 $2 (46. Qh3) 46... Rd2 {And now ...Rxe2 would win.} 47. Kg1 Rxc2 48. Rxc2 Rd2 $2 (48... Rd1+ $19 49. Kf2 Qa6) 49. Rxd2 $11 {The position is equal.} cxd2 {[%mdl 4096] Endgame KQ-KQ} 50. Qd8 Qf6 (50... Qb6 {keeps more tension.} 51. Qxd2 Qc6 52. Kf2 g6 53. Kg1 h5) 51. Qxd2 Qa1+ 52. Kf2 h5 53. Qd5 Qb2+ 54. Kg3 g6 55. Qf7+ Kh6 56. Qf8+ Kh7 57. Qf7+ Kh6 58. Kh2 Qf2 59. Qf8+ Kh7 60. Qf7+ Kh6 61. Qf8+ Kh7 62. Qf7+ Kh6 {Whites escaped into a draw.  Weighted Error Value: White=0.61/Black=0.28} 1/2-1/2